000 00535cam a2200205ua 4500
020 _a81-7233-040-5
_c875.00
041 _aeng
_h
082 _a621.3678
_bCHO/RE
100 _aChauhan, T S .
245 _aReadings in remote sensing applications /
_cT S Chauhan.
_hTextual Documents
260 _aJodhpur :
_bScientific Publishers ,
_c1992.
300 _a493 ; .
365 _a875.00
500 _a**Reference
504 _a
700 1 _aJoshi, K N .
942 _cBK
999 _c10461
_d10461